Reimagining the Higher Education Student (Record no. 24641)
[ view plain ]
| 000 -LEADER | |
|---|---|
| fixed length control field | 00509nam a2200121Ia 4500 |
| 008 - FIXED-LENGTH DATA ELEMENTS--GENERAL INFORMATION | |
| fixed length control field | 220620s9999||||xx |||||||||||||| ||und|| |
| 245 #0 - TITLE STATEMENT | |
| Title | Reimagining the Higher Education Student |
| Remainder of title | Constructing and Contesting Identities |
| 546 ## - LANGUAGE NOTE | |
| Language note | English[eng] |
| 650 ## - SUBJECT ADDED ENTRY--TOPICAL TERM | |
| Topical term or geographic name entry element | Education||Educational psychology||Higher and further education, tertiary education||Psychology |
| 700 ## - ADDED ENTRY--PERSONAL NAME | |
| Personal name | Brooks, Rachel||O’Shea, Sarah |
| 856 ## - ELECTRONIC LOCATION AND ACCESS | |
| Uniform Resource Identifier | <a href="https://library.oapen.org/bitstream/20.500.12657/52778/1/9781000358766.pdf">https://library.oapen.org/bitstream/20.500.12657/52778/1/9781000358766.pdf</a> |
| 942 ## - ADDED ENTRY ELEMENTS (KOHA) | |
| Koha item type | E-Books |
| Withdrawn status | Lost status | Damaged status | Not for loan | Home library | Current library | Date acquired | Total Checkouts | Date last seen | Price effective from | Koha item type |
|---|---|---|---|---|---|---|---|---|---|---|
| Kerala University of Digital Sciences, Innovation and Technology Knowledge Centre | Kerala University of Digital Sciences, Innovation and Technology Knowledge Centre | 20/06/2022 | 20/06/2022 | 20/06/2022 | E-Books |